The stolen Mackenzie bride #8 / Jennifer Ashley.
Available copies
- 1 of 1 copy available at LARL/NWRL Consortium. (Show)
- 0 of 0 copies available at Lake Agassiz Regional Library.
Current holds
0 current holds with 1 total copy.
Show Only Available Copies
| Location | Call Number / Copy Notes | Barcode | Shelving Location | Status | Due Date |
|---|---|---|---|---|---|
Record details
- ISBN: 9780425266021
- ISBN: 0425266028
- Physical Description: 323 pages ; 18 cm.
- Edition: Berkley Sensation mass-market paperback edition.
- Publisher: New York : Berkley Sensation, 2015.
Search for related items by subject
| Subject: | Aristocracy (Social class) > Fiction. |
| Genre: | Historical fiction. Love stories. |
Search for related items by series
| LDR | 01365cam a2200361Ii 4500 | ||
|---|---|---|---|
| 001 | 191539 | ||
| 003 | LARL_NWRL_CONSORTIUM | ||
| 005 | 20150928093134.0 | ||
| 008 | 150918s2015 nyu 000 1 eng d | ||
| 020 | . | ‡a9780425266021 ‡qpbk. | |
| 020 | . | ‡a0425266028 ‡qpbk. | |
| 035 | . | ‡a(OCoLC)921437462 | |
| 082 | 0 | 4. | ‡a813/.6 ‡223 |
| 100 | 1 | . | ‡aAshley, Jennifer, ‡eauthor. ‡0(LARL_NWRL_CONSORTIUM)191270 |
| 245 | 1 | 4. | ‡aThe stolen Mackenzie bride ‡n#8 / ‡cJennifer Ashley. |
| 250 | . | ‡aBerkley Sensation mass-market paperback edition. | |
| 264 | 1. | ‡aNew York : ‡bBerkley Sensation, ‡c2015. | |
| 300 | . | ‡a323 pages ; ‡c18 cm. | |
| 336 | . | ‡atext ‡2rdacontent | |
| 337 | . | ‡aunmediated ‡2rdamedia | |
| 338 | . | ‡avolume ‡2rdacarrier | |
| 490 | 0 | . | ‡aMackenzies ; ‡v8 |
| 650 | 0. | ‡aAristocracy (Social class) ‡vFiction. ‡0(LARL_NWRL_CONSORTIUM)163245 | |
| 655 | 7. | ‡aHistorical fiction. ‡2gsafd | |
| 655 | 7. | ‡aLove stories. ‡2gsafd | |
| 901 | . | ‡a191539 ‡bOCLC ‡c191539 ‡tbiblio | |

Add to basket
Permalink
Disable Highlighting